00725nam a2200229Ia 4500003000400000005001700004008004100021040001000062041000800072082001600080100002900096100002700125245009500152260004100247300001500288650002400303650001400327942000700341942000800348999001700356952012200373OSt20230630123444.0210324s9999||||xx |||||||||||||| ||und|| cSTCPL aENG a546 bSUB-T aRastogi, Subhash Chandra aAgarwala, Satish Kumar 2aA text book of inorganic chemistry /cby Subhash Chandra Rastogi and Satish Kumar Agarwala aMeerut :bPragati Prakashan ,c1974. a490 p.bHB aInorganic Chemistry aChemistry cBK 2ddc c19862d19862 00102ddc408CHE70aSTCPLbSTCPLcCHEd2021-07-10g21.00l0o546 SUB-Tp29568r2021-07-10 00:00:00w2021-07-10yBK